Water/air transition in biology

Gardado en:
Detalles Bibliográficos
Autor Principal: Water/air transition in biology
Formato: Libro
Idioma:Undetermined
Publicado: Enfield, New Hampshire Science 1999
Những chủ đề:
Các nhãn: Engadir etiqueta
Sen Etiquetas, Sexa o primeiro en etiquetar este rexistro!
Thư viện lưu trữ: Trung tâm Học liệu Trường Đại học Cần Thơ
LEADER 00546nam a2200169Ia 4500
001 CTU_48980
008 210402s9999 xx 000 0 und d
082 |a 577.6 
082 |b W324 
100 |a Water/air transition in biology 
245 0 |a Water/air transition in biology 
245 0 |c Water/air transition in biology, A K MITTAL, F. B. Eddy, J. S. Datta Munshi 
260 |a Enfield, New Hampshire 
260 |b Science 
260 |c 1999 
650 |a aquatic ecology,marine biology 
980 |a Trung tâm Học liệu Trường Đại học Cần Thơ